Reynados de menor edad y de grandes reyes (Record no. 162953)
[ view plain ]
| 000 -LEADER | |
|---|---|
| campo de control de longitud fija | 00995nam a2200205 i 4500 |
| 001 - NÚMERO DE CONTROL | |
| campo de control | 162953 |
| 003 - IDENTIFICADOR DE NÚMERO DE CONTROL | |
| campo de control | ES-MaACL |
| 005 - FECHA Y HORA DE LA ÚLTIMA TRANSACCIÓN | |
| campo de control | 20250818101412.0 |
| 008 - DATOS DE LONGITUD FIJA--INFORMACIÓN GENERAL | |
| campo de control de longitud fija | 931025s1672 sp a |||| | spa d |
| 040 ## - FUENTE DE CATALOGACIÓN | |
| Centro catalogador/agencia de origen | Palacio Real. Catálogo de impresos españoles del S. XVII |
| Lengua de catalogación | spa |
| Centro/agencia transcriptor | PAB |
| 100 1# - ENTRADA PRINCIPAL--NOMBRE DE PERSONA | |
| Nombre de persona | Ramos del Manzano, Francisco. |
| 9 (RLIN) | 131580 |
| 245 10 - MENCIÓN DEL TÍTULO | |
| Título | Reynados de menor edad y de grandes reyes |
| Resto del título | : apuntamientos de historia... / |
| Mención de responsabilidad, etc. | por el doct. don Francisco Ramos del Mançano... |
| 260 ## - PUBLICACIÓN, DISTRIBUCIÓN, ETC. | |
| Lugar de publicación, distribución, etc. | En Madrid : |
| Nombre del editor, distribuidor, etc. | por Francisco Sanz en la Imprenta del Reyno, |
| Fecha de publicación, distribución, etc. | 1672. |
| 300 ## - DESCRIPCIÓN FÍSICA | |
| Extensión | [20], 403 p., [10] h. de grab. ; |
| Dimensiones | 4º. |
| 597 ## - NOTA DE DESCRIPCIÓN FÍSICA | |
| NOTA DE DESCRIPCIÓN FÍSICA | Sign.: §8, 2§², A-Z8, 2A-2B8, 2C². |
| 599 ## - NOTA A LAS ILUSTRACIONES | |
| NOTA A LAS ILUSTRACIONES | Las h. de grab. calc.: "Petrus Villafranca sculptor regius sculpsit. Matriti, 1672" |
| 650 #7 - PUNTO DE ACCESO ADICIONAL DE MATERIA--TÉRMINO DE MATERIA | |
| Término de materia o nombre geográfico como elemento de entrada | Reyes y soberanos |
| Fuente del encabezamiento o término | embne |
| 9 (RLIN) | 16904 |
| 852 ## - LOCALIZACIÓN | |
| Ubicación | ES-MaACL |
| Número de control de estantería | R-845 |
| condición física | -- Deteriorado afectando al texto |
| Nota libre | -- Enc. pasta española |
| condición física | -- Falto de las h. de grab. |
| Encuadernación | -- Olim G-3836 |
| Estatus retirado | Estado de pérdida | Estado de daño | No para préstamo | Colección | Biblioteca de origen | Biblioteca actual | Ubicación en estantería | Fecha de adquisición | Fuente de adquisición | Total de préstamos | Signatura topográfica completa | Código de barras | Visto por última vez | Precio de reemplazo | Tipo de ítem Koha |
|---|---|---|---|---|---|---|---|---|---|---|---|---|---|---|---|
| Libros del s. XVII | Biblioteca del Ateneo de Madrid | Biblioteca del Ateneo de Madrid | Depósito | 17/01/2008 | R-845 | 1170733 | 23/02/2023 | 23/02/2023 | Libro impreso antiguo |
